Kolektívne pracovné vzťahy na trhu práce

Bibliographic Details
Main Authors: Czíria, Ľudovít, 1942- (Author), Munková, Mariana (Author)
Format: Article
Language:Slovak
Subjects:

MARC

LEADER 00000nab a2200000 a 4500
001 vtls000447612
003 SK-MaSNL
005 20260303161135.0
008 230223c1992 xo 0 slo
015 |a SNBRB19rr/mm-uuuuu 
035 |a CL0447743 
035 |a urn:nbn:sk:snk-ab31b3 
035 |a (urnnbn)urn:nbn:sk:snk:ar-a04k3q 
035 |a (uuid)0dbef453-aaab-4ce7-9628-26c7da2721ef 
040 |a SNKBUCL  |b slo  |c SNKBUCL  |e AACR2 
041 0 |a slo 
044 |a xo  |c SK 
080 |a 331.5:331.1  |2 1981 
080 |a 331.1  |2 1981 
080 |a 331.5  |2 1981 
100 1 |a Czíria, Ľudovít,  |d 1942-  |4 aut  |9 38224 
245 1 0 |a Kolektívne pracovné vzťahy na trhu práce  |c Ľudovít Czíria, Mariana Munková 
650 0 7 |a práca  |2 snkbucl  |9 2337 
650 0 7 |a trh práce  |2 snkbucl  |9 2371 
650 0 7 |a vzťahy pracovné kolektívne  |2 snkbucl  |9 1183030 
655 7 |a články z novín a časopisov  |2 snkbucl  |9 267496 
700 1 |a Munková, Mariana  |4 aut  |9 725397 
773 0 |t Otázky práce  |g Roč. 3, č. 1 (1992), s. 18-20 
850 |a Slovenská národná knižnica v Martine  |a MTA001 
852 |a SNK  |b KIS3GCP 
954 |a odborná, vedecká literatúra pôvodná (slovenská)  |2 lita 
958 |a RK 
958 |a OND 
958 |a EUIPO 
958 |a article27 
992 |a RBX 
999 |c 2048413  |d 2050343